000 00388nam a2200145 a 4500
005 20141022142001.0
008 100916s19uu xx 00 eng d
050 _aDVD
_bP56 2002
100 _aPauker,George G.C.
245 _aHow debt Makes comparison perform better.
260 _bStandford University,
_c2002.
650 _aDVD
650 _acompanies debt- standing
942 _cAVM
999 _c276273
_d276273